000 00542nam a2200181Ia 4500
008 090124s9999 xx 000 0 und d
082 _b24424
_a6682
100 _aभोमे सुहास
245 _a मारवा (कथासंग्रह)
250 _a1
260 _c1984
300 _a185
600 _aभोमे सुहास
630 _a मारवा (कथासंग्रह)
700 _aभोमे सुहास
730 _a मारवा (कथासंग्रह)
942 _cBOOK
999 _c137984
_d137984